02397cam a22004457a 4500003000500000005001700005008004100022010001000063011001000073020001500083035001100098040000900109082001600118100005100134245011200185260004600297300003300343590004100376590004100417590004100458590004200499650006200541650005100603650005200654650003900706700003800745901000700783905002400790942001000814949008300824949008800907949008800995999001701083952014801100952014801248952014301396952014101539952014101680952013001821CHAP20220329143003.0050530d2000 mx d r 00110 spa d a90380 a91352 a9682322871 a101910 cCHAP04a327.72bL6600aLópez Villafañe, Víctore, coord.96841410aMéxico frente a las grandes regiones del mundoc/coord. por Víctor López Villafañe y Carlos Uscanga aMéxico, D. F. :bSiglo Veintiuno,c2000 a196 p. :bgráfs. ; cuadros aBATCH-UPDb10c20130110lUCH01h1922 aBATCH-UPDb10c20130410lUCH01h1248 aBATCH-UPDb10c20130914lUCH01h1828 aCONVERSIONb10c20130109lUCH01h135014aMéxicoxRelaciones exterioresxAmérica Latina.97678714aMéxicoxRelaciones exterioresxE.U.A.97679214aMéxicoxRelaciones exterioresxEuropa.97679414aRelaciones internacionales.9958220 aUscanga, Carlose, coord.9117031 aBK aMarco A. Mendoza T. cLIBRO a327.72 L66bBCcLIBROd33724000950325eLIBROgI.c/eh105878i101910sbt$97.00 a327.72 L66bBCcLIBROd33724000950333eLIBROfc.2gI.c/eh105879i101910sbt$97.00 a327.72 L66bBCcLIBROd33724000950358eLIBROfc.3gI.c/eh105880i101910sbt$97.00 c90380d90380 00102ddc4052708GRALaBCbBCcPA_GRALd2018-04-13eI.c/efLIBROl0o327.72 L66p33724002548355r2019-12-31 00:00:00tc.5w2019-12-31yLIBRO 00102ddc4052708GRALaBCbBCcPA_GRALd2018-04-13eI.c/efLIBROl0o327.72 L66p33724002548397r2019-12-31 00:00:00tc.4w2019-12-31yLIBRO 00102ddc4052708GRALaBCbBCcPA_GRALd2017-06-02eI.c/efLIBROl0o327.72 L66p33724000950325r2019-12-31 00:00:00w2019-12-31yLIBRO 00102ddc4052708GRALaBCbBCcPA_GRALd2019-12-31fLIBROl0o327.72 L66p33724000950333r2019-12-31 00:00:00tc.2w2019-12-31yLIBRO 00102ddc4052708GRALaBCbBCcPA_GRALd2019-12-31fLIBROl0o327.72 L66p33724000950358r2019-12-31 00:00:00tc.3w2019-12-31yLIBRO 00102ddc4052708GRALaCRSLAbCRSLAd2019-12-31fLIBROl0o327.72 L66p02000000986r2019-12-31 00:00:00w2019-12-31yLIBRO